000 00962nam a2200301Ia 4500
001 Para_9731
003 CHAP
008 220125s2008 xx 000 0 und d
010 _a205278
020 _a978-92-5-305389-6 \ 978-84-200-1129-5
040 _cCHAP
082 _aPA 631.451 S54
245 _aSiembra con labranza cero en la agricultura de conservación /
_c C.J. Baker ... [et al.] ; editado por C.J. Baker and K.E. Saxton
260 _aZaragoza, España
300 _a391 p.
500 _aTraducción de: No-tillage seeding in conservation agriculture
650 _aAgricultura de no labranza
_9171287
650 _aSistema de cultivo
_9166934
700 _aBaker, C.J., colaborador
_9171288
700 _aK.E. Saxton Keith, ed.
_9171289
901 _aPA 631.451 S54
902 _aM
905 _a5232202008 afn 8000000000 06
910 _a2008
942 _cPARA
942 _cPARA
_d1
999 _c205278
_d205278